000 00562nam a2200193Ia 4500
003 GCL
008 140319s9999 xx 000 0 ara d
040 _aGCL /
_cGCL
082 0 4 _a813.081
_bس ك
100 1 _aسعد مكاوى
245 1 0 _aالكرباج /
_cسعد مكاوى
300 _a96 ص
490 _aالهيئة العامة للاستعلامات
_v0
650 0 4 _aالادب العربى
650 0 4 _aالقصص العربية
650 0 4 _aالقصص التاريخية
650 0 4 _aالادب العربى - مصر
942 _2ddc
_cBK
999 _c50684
_d50684